000 00296nam a22001337a 4500
008 170307b xxu||||| |||| 00| 0 eng d
020 _a9780072978094
041 _aeng
080 _a611
100 _a6
101 _aSHM
245 _aART NOTE BOOK HUMAN ANATOMY
_cSALADIN.K.S
942 _2udc
_cBK
999 _c7039
_d7039